| 000 | 00473nam a2200157Ia 4500 | ||
|---|---|---|---|
| 008 | 240729s9999 xx 000 0 und d | ||
| 022 | _a2408-9362 | ||
| 245 | 0 | _aJournal of Water, Sanitation and Hygiene for Development | |
| 260 | _aUnited Kingdom | ||
| 260 | _bIWA Publishing | ||
| 650 | _a Environmental technology. Sanitary engineering | ||
| 650 | _aTechnology | ||
| 856 | _uhttps://doaj.org/toc/84c34c51712242178e24c617d7b2a06e | ||
| 942 | _2ddc | ||
| 942 | _cDOAJEJ | ||
| 999 |
_c65588 _d65588 |
||
| 945 |
_a1 _bMadushi Gamage _c1 _dMadushi Gamage |
||